| 000 | 00367nam a2200145Ia 4500 | ||
|---|---|---|---|
| 005 | 20240821155208.0 | ||
| 008 | 240821s9999||||xx |||||||||||||| ||und|| | ||
| 082 | _a709 KID | ||
| 100 | _aKidson, Peter | ||
| 245 | 0 | _aMedieval world | |
| 260 |
_aLondon _bPaul Hamlyn _c1967 |
||
| 300 | _a176p. | ||
| 650 | _aArts, crafts, music, sports and recreations | ||
| 942 | _cBK | ||
| 999 |
_c102209 _d102209 |
||